000 01290nam a2200325Ia 4500
001 ebr10539145
003 CaPaEBR
006 m u
007 cr cn|||||||||
008 110610s2011 gau sb 001 0 eng d
010 _z 2011024546
020 _z0881462535
020 _z9780881462531
020 _z9780881463613
040 _aCaPaEBR
_cCaPaEBR
035 _a(OCoLC)787846142
050 1 4 _aB765.T54
_bR673 2011eb
100 1 _aRosental, Creighton.
245 1 0 _aLessons from Aquinas
_h[electronic resource] :
_ba resolution of the problem of faith and reason /
_cCreighton Rosental.
250 _a1st ed.
260 _aMacon, GA :
_bMercer University Press,
_cc2011.
300 _axx, 252 p.
504 _aIncludes bibliographical references (p. [241]-249) and index.
533 _aElectronic reproduction.
_bPalo Alto, Calif. :
_cebrary,
_d2011.
_nAvailable via World Wide Web.
_nAccess may be limited to ebrary affiliated libraries.
600 0 0 _aThomas,
_cAquinas, Saint,
_d1225?-1274.
650 0 _aFaith and reason
_xChristianity
_xHistory of doctrines.
655 7 _aElectronic books.
_2local
710 2 _aebrary, Inc.
856 4 0 _uhttp://site.ebrary.com/lib/rucke/Doc?id=10539145
_zAn electronic book accessible through the World Wide Web; click to view
999 _c246005
_d246005